Crustáceos decápodos de agua dulce de Colombia / (Registro nro. 17551)

Detalles MARC
000 -CABECERA
Campo de control 01442nam a2200301 a 4500
005 - FECHA Y HORA DE LA ULTIMA TRANSACCION
Campo de control 20150829020003.0
008 - ELEMENTOS DE LONGITUD FIJA—INFORMACION GENERAL
Campo de control 150217s2014 ck a gr 00110 spa d
020 ## - ISBN
ISBN 9789587750461
040 ## - FUENTE DE CATALOGACIÓN
Agencia catalogadora original CO-BoBLA
Agencia transcriptora CO-BoBLA
041 ## - IDIOMA
Código de idioma para texto/pista de sonido o título separado Español
044 ## - PAÍS DE PUBLICACIÓN
País de publicación Colombia
082 04 - NUMERO DE CLASIFICACION DECIMAL DEWEY
Número de clasificación 595.380986
Número del ítem C95c
100 1# - ASIENTO PRINCIPAL--NOMBRE PERSONAL
Nombre personal Campos, Martha Helena Rocha de
245 10 - MENCION DE TITULO
Título Crustáceos decápodos de agua dulce de Colombia /
Mención de responsabilidad Martha Helena Campos de Rocha
260 ## - PUBLICACION, DISTRIBUCION, ETC. (PIE DE IMPRENTA)
Lugar de publicación, distribución, etc. Bogotá :
Nombre del editor, distribuidor, etc. Universidad Nacional de Colombia. Facultad de Ciencias. Instituto de Ciencias Naturales :
Fecha de publicación, distribución, etc. 2014.
300 ## - DESCRIPCION FISICA
Extensión 691 páginas :
Otros detalles físicos ilustraciones, gráficos, mapas ;
Dimensiones 24 cm.
490 1# - MENCION DE SERIE
Mención de serie Biblioteca José Jerónimo Triana ;
Designación numérica/secuencial del volumen 27
504 ## - NOTA DE BIBLIOGRAFIA, ETC.
Nota de bibliografía Incluye bibliografías.
505 ## - NOTA DE CONTENIDO
Nota de contenido Familia Atydae de Hann<br/>Familia Euryrhynchidae Holthuis<br/>Familia Palaemonidae Rafinesque<br/>Familia Sergestidae Dana<br/>Familia Trichodactylidae H. Milne Edwards<br/>Familia Pseudothelphusidae Ortmann
650 #4 - ASIENTO SECUNDARIO DE MATERIA - TERMINO TEMATICO
Término temático o nombre geográfico como elemento de entrada Decápodos (Crustáceos)
Subdivisión general Distribución geográfica
Subdivisión geográfica Colombia.
650 #4 - ASIENTO SECUNDARIO DE MATERIA - TERMINO TEMATICO
Término temático o nombre geográfico como elemento de entrada Decápodos (Crustáceos)
Subdivisión general Clasificación
Subdivisión geográfica Colombia.
650 #4 - ASIENTO SECUNDARIO DE MATERIA - TERMINO TEMATICO
Término temático o nombre geográfico como elemento de entrada Diversidad biológica
Subdivisión geográfica Colombia.
650 #4 - ASIENTO SECUNDARIO DE MATERIA - TERMINO TEMATICO
Término temático o nombre geográfico como elemento de entrada Crustáceos
Subdivisión general Distribución geográfica
Subdivisión geográfica Colombia.
700 1# - ASIENTO SECUNDARIO - NOMBRE PERSONAL
Nombre personal Palacio O., Juan David,
Término de relación editor.
700 1# - ASIENTO SECUNDARIO - NOMBRE PERSONAL
Nombre personal González Duque, Lina María,
Término de relación editora.
700 1# - ASIENTO SECUNDARIO - NOMBRE PERSONAL
Nombre personal Gómez Hoyos, Juan Carlos,
Término de relación editor.
942 ## - ELEMENTOS ADICIONALES (KOHA)
Sistema de clasificación Dewey Decimal Classification
Tipo de ítem Libro
Koha issues (borrowed), all copies 2
Existencias
Withdrawn status Lost status Sistema de Clasificación Damaged status No para préstamo Colección Inventariado Ubicación Permanente Ubicación actual Fecha de adquisición Fuente de Valor Valor Total Checkouts Número topográfico Inventario / Código de Barras Date last seen Date checked out Ejemplar Price effective from Forma de adquisición Tipo de material
    Dewey Decimal Classification     General Inventariado 2017 Bogotá Bogotá 09/07/2015 Instituto 39000.00 2 LB-595.380986 C95c 038930 28/08/2015 28/08/2015 Ej. 1 09/07/2015   Libro